000 05693nam0a22007331 4500
001 RU\NLR\A1\7043
005 20260421151311.0
035 _a(NLR Aleph) 009672871
090 _a9669827
_c9669827
100 _a19970402d1773 m y0rusy50 ca
101 0 _arus
102 _aRU
135 _acrmn mmmaaada
140 _ay y aayaa0000
200 1 _aЛира, или Собрание разных в стихах сочинений и переводов,
_fНекотораго муз любителя.
210 _aВ Санктпетербурге
_cПри Императорской Академии наук
_d1773
215 _a95, [1] с.
_d
310 _aТираж 600 экз.
314 _aНа с.4 стихотворное посвящ. авт. Екатерине II.
316 _aЭкз. РНБ (18.149.3.13) в составном картон. пер., обтянутом бумагой, с кожаными коричневыми корешком и уголками. На нижней крышке пер. экслибрис Рус. фонда ГПБ с шифром. Корешок с 5-ю бинтами, блинтовым тиснением и написанным порядковым номером книги на полке "13". Обрез мрамор. крас. На форзаце ярлык с шифром РНБ. На тит. л., с.33 и 94 круглый штамп ГПБ.
_5NLR: 18.149.3.13
316 _aЭкз. РНБ (138/2769) в составном картон. пер., обтянутом бумагой, с кожаным коричневым корешком. На нижней крышке пер. экслибрис Рус. фонда ГПБ с шифром. Корешок гладкий с тиснением золотом и вытисн. золотом названием: "Лира". Золото сохранилось лишь частично. Обрез мрамор. синий. На форзаце ярлык с шифром РНБ. На нахзаце техн. штамп. На тит. л. штамп: "Антирелигиозное отделение гос. публичной библиотеки".
_5NLR: 138/2769
316 _aЭкз. РНБ (РЗФ 18 в. 3/1821) в составном картон. пер., обтянутом мрамор. бумагой, с кожаным коричневым корешком и ткаными уголками. На нижней крышке пер. экслибрис РЗФ ГПБ с шифром. Нижняя крышка пер. отрывается от кн. блока. Корешок гладкий, (кожаное покрытие на нем стерлось) по всей длине подклеен бумагой. На нахзаце техн. штамп. На обороте тит. л. и с.94 круглый штамп ГПБ.
_5NLR: РЗФ 18 в. 3/1821
317 _aВ экз. РНБ (138/2769) на тит. л. штамп Б-ки С.Петербургской духовной академии (Богомолов 12013). На корешке ее суперэкслибрис, высн. золотом: СПДА. На форзаце ярлык "С.Петербургская синодальная переплетная"
_5NLR: 138/2769
317 _aВ экз. РНБ (РЗФ 18 в. 3/1821) на тит. л. владельч. надпись: "Михайла Еропкина"
_5NLR: РЗФ 18 в. 3/1821
317 _aЭкз. РГАДА из б-ки Ф. Ф. Мазурина
_5РГАДА
317 _aЭкз. ЦНБ НАН Бел. из б-ки П. В. Губара (Богомолов. 4493)
_5ЦНБ НАН Бел.
321 _aСК XVIII 630
321 _aСК XVIII. Т.3. С.484
325 _aКопия доступна в Электрон. б-ке РНБ http://vivaldi.nlr.ru/bx000030586/view
517 1 _aСобрание разных в стихах сочинений и переводов.
620 _dСанкт-Петербург
700 1 _aБогданович
_bИ. Ф.
_f1743-1803
_gИпполит Федорович
_3RU\NLR\AUTH\7778862
702 0 _aЕкатерина
_cимператрица российская
_dII
_f1729-1796
_3RU\NLR\AUTH\772098
_4280
702 1 _aЕропкин
_bМ.
_gМихаил
_4390
702 1 _aМазурин
_bФ. Ф.
_f1845-1898
_gФёдор Фёдорович
_5РГАДА
_3RU\NLR\AUTH\770287865
_4390
702 1 _aГубар
_bП.В.
_f1885-1976
_gПавел Викентьевич
_5ЦНБ НАН Бел.
_4390
712 0 2 _aАкадемическая типография
_cСанкт-Петербург
_3RU\NLR\AUTH\8815379
_4610
801 0 _aRU
_bNLR
_c19970402
852 _aNLR
_j18.149.3.13
852 _aNLR
_j138/2769
852 _aNLR
_bРЗФ
_j18 в. 3/1821
856 0 _uhttp://vivaldi.nlr.ru/bx000030586/view
856 1 _uhttp://vivaldi.nlr.ru/bx000030586/cover
856 2 _uhttp://vivaldi.nlr.ru/bx000030586/text
899 _aЗНБ СГУ
899 _aККМ
899 _aРГБ
899 _aБАН
899 _aГПИБ
899 _aЗНБ ВГУ
899 _aГПНТБ СО РАН
899 _aКостОУНБ
_y2 экз.
899 _aУОНБ
899 _aСПбГУ
899 _aНБЛ КГУ
899 _aРГАДА
899 _aЦНБ НАН Бел.
942 _cBOOK
980 _aNB
980 _aA1XVIIIv
981 3 3 _a(33) Художественная литература
_b(33) Отечественная литература
981 2 0 _a(20) Книжные памятники РНБ
_b(20) Русский книжный фонд